Turistický ruch ožil aj vďaka rekreačným poukazom

Z aktuálnej novely Zákonníka práce, ktorú už schválil parlament, vyplýva okrem iného rozšírené využitie rekreačných poukazov. Zamestnanec bude môcť tento benefi t preniesť aj na svojich rodičov. Stále platí, že príspevok možno využiť naraz alebo postupne.

Salvato in:
Dettagli Bibliografici
Natura: Capitolo di libro
Lingua:slovacco
Soggetti:
Tags: Aggiungi Tag
Nessun Tag, puoi essere il primo ad aggiungerne!!

MARC

LEADER 00000naa a2200000 4500
001 0303389
005 20240806103544.4
041 0 |a slo 
044 |a SK 
245 1 0 |a Turistický ruch ožil aj vďaka rekreačným poukazom 
520 |a Z aktuálnej novely Zákonníka práce, ktorú už schválil parlament, vyplýva okrem iného rozšírené využitie rekreačných poukazov. Zamestnanec bude môcť tento benefi t preniesť aj na svojich rodičov. Stále platí, že príspevok možno využiť naraz alebo postupne. 
610 2 0 |a ruch cestovný 
610 2 0 |a poukazy rekreačné 
610 2 0 |a benefity 
610 2 0 |a zamestnanci 
610 2 0 |a rodina